000
00244nam a2200097Ia 4500
001
646862
005
20250826153651.0
008
250824s9999 xx 000 0 und d
245
0
_a
SON KAHRAMANLAR
_c
RECEP ŞÜKRÜ APUHAN
260
_b
TİMAŞ TARİH
999
_c
646862
_d
646862